Eurovision Song Contest 2008 - Participating Countries - Statistics

General Stats
  • This quiz has been taken 1 time
  • The average score is 43 of 43
Answers on the Map
Answers color-coded by a green-red scale on the quiz's map according to % correct below.
 
Answer Stats
Answer % Correct
960px-Flag_of_Serbia_%282004%E2%80%932010%29.svg.png Serbia
100%
960px-Flag_of_San_Marino_%28pre%E2%80%932011%29.svg.png San Marino
100%
960px-Flag_of_Georgia.svg.png Georgia
100%
960px-Flag_of_Lithuania.svg.png Lithuania
100%
960px-Flag_of_Moldova_%281990%E2%80%932010%29.svg.png Moldova
100%
960px-Flag_of_Andorra.svg.png Andorra
100%
960px-Flag_of_Croatia.svg.png Croatia
100%
960px-Flag_of_the_Netherlands.svg.png Netherlands
100%
960px-Flag_of_Armenia.svg.png Armenia
100%
960px-Flag_of_Albania.svg.png Albania
100%
960px-Flag_of_Ireland.svg.png Ireland
100%
960px-Flag_of_Ukraine.svg.png Ukraine
100%
960px-Flag_of_Greece.svg.png Greece
100%
960px-Flag_of_Portugal.svg.png Portugal
100%
960px-Flag_of_Montenegro.svg.png Montenegro
100%
960px-Flag_of_Belgium.svg.png Belgium
100%
960px-Flag_of_Malta.svg.png Malta
100%
960px-Flag_of_Romania.svg.png Romania
100%
960px-Flag_of_North_Macedonia.svg.png Macedonia F.Y.R.
100%
960px-Flag_of_Latvia.svg.png Latvia
100%
960px-Flag_of_Estonia.svg.png Estonia
100%
960px-Flag_of_Belarus_%281995%E2%80%932012%29.svg.png Belarus
100%
960px-Flag_of_Bulgaria.svg.png Bulgaria
100%
960px-Flag_of_Denmark.svg.png Denmark
100%
960px-Flag_of_the_United_Kingdom_%281-2%29.svg.png United Kingdom
100%
960px-Flag_of_Turkey.svg.png Turkey
100%
960px-Flag_of_Finland.svg.png Finland
100%
960px-Flag_of_Bosnia_and_Herzegovina.svg.png Bosnia & Herzegovina
100%
960px-Flag_of_Hungary.svg.png Hungary
100%
960px-Flag_of_the_Czech_Republic.svg.png Czech Republic
100%
960px-Flag_of_Iceland.svg.png Iceland
100%
960px-Flag_of_France_%281976%E2%80%932020%29.svg.png France
100%
960px-Flag_of_Cyprus.svg.png Cyprus
100%
960px-Flag_of_Israel.svg.png Israel
100%
960px-Flag_of_Norway.svg.png Norway
100%
960px-Flag_of_Azerbaijan.svg.png Azerbaijan
100%
960px-Flag_of_Slovenia.svg.png Slovenia
100%
960px-Flag_of_Switzerland.svg.png Switzerland
100%
20240819095328%21Flag_of_Sweden.svg Sweden
100%
960px-Flag_of_Poland.svg.png?20231119024730 Poland
100%
960px-Flag_of_Spain.svg.png?20160610210450 Spain
100%
960px-Flag_of_Germany.svg.png?20111003033442 Germany
100%
960px-Flag_of_Russia.svg.png?20120812153731 Russia
100%
No matching quizzes found
Score Distribution
Percent of People with Each Score
Percentile by Number Answered
Your Score History
You have not taken this quiz